Statistics for Most Populous Counties in Ohio

Click here to take the quiz!

General Stats

  • This quiz has been taken 22 times
  • The average score is 13 of 15

Answer Stats

PopulationCounty% Correct
1,221,780Cuyahoga
100%
1,334,870Franklin
100%
821,529Hamilton
100%
230,243Lake
100%
311,395Lorain
95%
227,617Mahoning
95%
369,322Stark
95%
425,820Lucas
86%
531,861Montgomery
86%
540,333Summit
86%
239,916Warren
81%
217,349Delaware
76%
385,402Butler
71%
208,232Clermont
52%
196,844Trumbull
52%

Score Distribution

Percentile by Number Answered

Percent of People with Each Score

Your Score History

You have not taken this quiz